Cálculo estático de estructuras rígidas sobre bases naturales
Furkejuvvon:
| Váldodahkki: | |
|---|---|
| Materiálatiipa: | Girji |
| Giella: | espánnjágiella |
| Almmustuhtton: |
Buenos Aires
Hachette
1946
|
| Fáttát: | |
| Fáddágilkorat: |
Lasit fáddágilkoriid
Eai fáddágilkorat, Lasit vuosttaš fáddágilkora!
|
MARC
| LEADER | 00000nam a2200000 a 4500 | ||
|---|---|---|---|
| 001 | UCU5887 | ||
| 003 | CL-VaPUC | ||
| 008 | 960614e19460000AG |||||||||||||||||spa|d | ||
| 082 | 0 | 4 | |a 624.15 |b GOT |2 21 |
| 100 | |a Gottschalk, Otto |e author |9 363950 | ||
| 245 | 1 | 0 | |a Cálculo estático de estructuras rígidas sobre bases naturales |
| 300 | |a 191 p | ||
| 942 | |c BK | ||
| 945 | |d 19960614 00:00:00 |a cmena | ||
| 260 | |a Buenos Aires |b Hachette |c 1946 | ||
| 650 | 0 | |a Ingeniería civil |9 260076 | |
| 650 | 7 | |a FUNDACIONES |2 CL-VaPUC |9 363951 | |
| 650 | 0 | |a Estructuras-construcción |9 262358 | |
| 650 | 7 | |a TECNOLOGIA DE LA CONSTRUCCION |2 CL-VaPUC |9 260196 | |
| 650 | 0 | |a Elementos estructurales |9 350100 | |
| 650 | 0 | |a Matemática aplicada |9 260236 | |
| 650 | 7 | |a TENSION MECANICA |2 CL-VaPUC |9 363952 | |
| 650 | 7 | |a ESFUERZO MECANICA |2 CL-VaPUC |9 361207 | |
| 650 | 0 | |a Propiedades mecánicas |9 262507 | |
| 650 | 0 | |a Suelos |9 260322 | |
| 583 | |a last modification |c 19960614 00:00:00 |k Rodrigo Vera | ||
| 999 | |c 249039 |d 249037 | ||
| 952 | |0 0 |1 0 |4 0 |6 624_150000000000000_GOT_1946 |7 0 |8 A |9 266043 |a BIBING |b BIBING |d 2019-11-19 |i 1686178 |o 624.15 GOT 1946 |p 1686178 |r 2025-01-20 |w 2019-11-19 |y BK |k CCL | ||